| 000 | 00914nam a2200241Ia 4500 | ||
|---|---|---|---|
| 003 | Ost | ||
| 005 | 20260507075124.0 | ||
| 008 | 260507s9999||||xx |||||||||||||| ||und|| | ||
| 020 | _a7174324977 | ||
| 040 | _cfsecg | ||
| 041 | _aara | ||
| 082 | _a330 | ||
| 100 |
_aعاطف، السعيد محمد _eمؤلف |
||
| 245 | 0 |
_aإدارة الأعمال : _bادارة خطط العمل.التسويق وخدمة العملاء.إدارة الوقت / _c السعيد محمد عاطف |
|
| 260 |
_aالقاهرة: _bمؤسسة طيبة, _c2006 |
||
| 300 |
_a287 صفحة؛ _c24 سم |
||
| 520 | _aحدد الخطط لزيادة الأرباح ورفع كفاءة التسويق-خدمة العملاء هي أساس التسويق-ادارة الوقت | ||
| 653 | _aادارة الوقت | ||
| 653 | _aالأرباح | ||
| 653 | _aالتسويق | ||
| 653 | _aخدمة العملاء | ||
| 942 | _cكتاب | ||
| 999 |
_c43115 _d43115 |
||